[Event "UTP Team-chT"]
[Site "Seri Iskandar"]
[Date "2017.09.24"]
[Round "7.2"]
[White "Chan, Kim Yew"]
[Black "Loo, Pak Kwan"]
[Result "1-0"]
[WhiteElo "1779"]
[BlackElo "1775"]
[PlyCount "55"]
[EventDate "2017.09.23"]
[EventType "team-swiss"]
[EventRounds "7"]
[EventCountry "MAS"]
[SourceTitle "EXT 2019"]
[Source "ChessBase"]
[SourceDate "2018.10.10"]
[SourceVersion "1"]
[SourceVersionDate "2018.10.10"]
[SourceQuality "1"]

1. Nf3 g6 2. c4 Bg7 3. d4 d6 4. Nc3 Bg4 5. e3 Nf6 6. Be2 0-0 7. h3 Bc8 8. 0-0 Nbd7 9. Rb1 e5 10. b4 h6 11. Qc2 Nh7 12. Rd1 f5 13. dxe5 dxe5 14. c5 c6 15. Bb2 Qe7 16. Bc4+ Kh8 17. Ne2 Ng5 18. Nxg5 hxg5 19. Rd6 Nf6 20. f3 Kh7 21. Rbd1 a5 22. a3 axb4 23. axb4 Rb8 24. Qb3 b6 25. Rxc6 bxc5 26. Rxc5 Nd7 27. Rc7 Rb7 28. Rdxd7 1-0

[Event "Kuala Lumpur op 5th"]
[Site "Kuala Lumpur"]
[Date "2008.08.23"]
[Round "9"]
[White "Liong, Ing Kiat Anthony"]
[Black "Loo, Pak Kwan"]
[Result "1/2-1/2"]
[WhiteElo "2159"]
[BlackElo "1986"]
[PlyCount "68"]
[EventDate "2008.08.18"]
[EventType "swiss"]
[EventRounds "11"]
[EventCountry "MAS"]
[SourceTitle "CBM 126 Extra"]
[Source "ChessBase"]
[SourceDate "2008.11.05"]
[SourceVersion "1"]
[SourceVersionDate "2008.11.05"]
[SourceQuality "1"]

1. e4 c6 2. d4 d5 3. e5 Bf5 4. Nc3 e6 5. g4 Bg6 6. Nge2 c5 7. h4 h5 8. Nf4 Bh7 9. Nxh5 cxd4 10. Nb5 Nc6 11. Nxd4 Nge7 12. Bg5 Nxd4 13. Qxd4 Nc6 14. Qa4 Qd7 15. Bb5 Rc8 16. 0-0 a6 17. Bxc6 Rxc6 18. c3 Bg6 19. Ng3 Be7 20. Bxe7 Qxe7 21. h5 Qh4 22. Kg2 Be4+ 23. f3 Qxg4 24. fxe4 Rxh5 25. Rf3 Rxe5 26. Rh1 Rxe4 27. Rh8+ Ke7 28. Qa3+ Rd6 29. Kf2 Rf4 30. Rxf4 Qxf4+ 31. Kg2 g6 32. Rb8 Qd2+ 33. Kh3 Qh6+ 34. Kg2 Qd2+ 1/2-1/2

[Event "Kuala Lumpur op 5th"]
[Site "Kuala Lumpur"]
[Date "2008.08.20"]
[Round "5"]
[White "Balasupramaniam, Mohan Raj"]
[Black "Loo, Pak Kwan"]
[Result "0-1"]
[WhiteElo "1942"]
[BlackElo "1986"]
[PlyCount "40"]
[EventDate "2008.08.18"]
[EventType "swiss"]
[EventRounds "11"]
[EventCountry "MAS"]
[SourceTitle "CBM 126 Extra"]
[Source "ChessBase"]
[SourceDate "2008.11.05"]
[SourceVersion "1"]
[SourceVersionDate "2008.11.05"]
[SourceQuality "1"]

1. e4 c6 2. d4 d5 3. exd5 cxd5 4. c4 Nf6 5. Nc3 Nc6 6. Nf3 Bg4 7. cxd5 Nxd5 8. Be2 e6 9. h3 Bh5 10. Bg5 Qa5 11. g4 Bg6 12. Qb3 Qb4 13. 0-0 Qxb3 14. axb3 Be7 15. Nxd5 exd5 16. Bxe7 Kxe7 17. Rac1 Kd6 18. Ne5 Nxd4 19. Rfe1 Kxe5 20. f4+ Kxf4 0-1

[Event "Kuala Lumpur op 5th"]
[Site "Kuala Lumpur"]
[Date "2008.08.19"]
[Round "3"]
[White "Loo, Pak Kwan"]
[Black "Wallis, Christopher"]
[Result "0-1"]
[WhiteElo "1986"]
[BlackElo "2235"]
[PlyCount "52"]
[EventDate "2008.08.18"]
[EventType "swiss"]
[EventRounds "11"]
[EventCountry "MAS"]
[SourceTitle "CBM 126 Extra"]
[Source "ChessBase"]
[SourceDate "2008.11.05"]
[SourceVersion "1"]
[SourceVersionDate "2008.11.05"]
[SourceQuality "1"]

1. d4 d5 2. Nf3 Nf6 3. Bg5 Ne4 4. Bf4 c5 5. dxc5 Nc6 6. Nbd2 Nxc5 7. e3 g6 8. h4 Bg7 9. Bb5 Qb6 10. Qe2 Bg4 11. c4 a6 12. Bxc6+ bxc6 13. cxd5 cxd5 14. e4 dxe4 15. Nxe4 Qb4+ 16. Kf1 Qxe4 17. Be3 Nd3 18. Rd1 Nxb2 19. Bd4 Bxf3 20. gxf3 Qxe2+ 21. Kxe2 0-0 22. Bxg7 Kxg7 23. Rd4 Rfd8 24. Rb4 Nd3 25. Re4 Rac8 26. Rxe7 Nf4+ 0-1